000 00629nam a22001697a 4500
003 OSt
005 20260407095621.0
008 260407b |||||||| |||| 00| 0 eng d
040 _cMRSPTU
041 _aEnglish
100 _aAmandeep Singh, Supervisor: Raj Kumar Narang
245 _aDevelopment, Characterization and Evaluation of Mesalamine Loaded Probiotic Based Microcarriers for the Management of Ulcerative Colitis
260 _bDepartment of Pharmacy, MRSPTU, Bathinda
_c2023
650 _aPharmaceutical Sciences and Technology
856 _uhttp://163.47.215.52:8080/jspui/handle/123456789/1221
942 _2ddc
_cTH
_n0
999 _c11313
_d11313